[Event "FIDEL PIRADO"]
[Site "http://www.queenalice.com/game.php?id=467642"]
[Date "2008.9.24"]
[Round "-"]
[White "perucona"]
[Black "FidelPirai"]
[Result "0-1"]
[WhiteElo "1577"]
[BlackElo "1885"]

1. e4 c6 2. d4 d5 3. e5 Bf5 4. Bd3 Bxd3 5. cxd3 e6 6. Nf3 Nd7 7. Nc3 c5 8. dxc5
Bxc5 9. Be3 Bxe3 10. fxe3 Ne7 11. Qd2 Nc6 12. O-O-O Rc8 13. e4 dxe4 14. dxe4 Nb6
15. Qxd8+ Rxd8 16. Rd2 O-O 17. Rhd1 Rxd2 18. Kxd2 Nc4+ 19. Ke2 N6xe5 20. Nxe5
Nxe5 21. Nb5 a6 22. Nc7 Rc8 23. Rc1 Nc6 24. Rd1 Rxc7 25. a4 Kf8 26. g4 Ke7 27.
h4 Rd7 28. Re1 Nd4+ 29. Ke3 Nc2+ 30. Ke2 Nxe1 31. Kxe1 Rd4 32. Kf2 Rxe4 33. Kf3
Rxa4 34. b3 Rb4 35. Kg3 Rxb3+ 36. Kf4 Rb4+ 37. Kg3 Kd6 38. g5 Ke5 39. h5 Kf5 40.
h6 gxh6 41. gxh6 Rf4 42. Kg2 Kg4 43. Kg1 Kg3 44. Kh1 Rf1# 0-1

[Event "Challenge"]
[Site "http://www.queenalice.com/game.php?id=467876"]
[Date "2008.9.24"]
[Round "-"]
[White "jair"]
[Black "FidelPirai"]
[Result "0-1"]
[WhiteElo "1435"]
[BlackElo "1806"]

1. g3 d5 2. e3 e5 3. Bb5+ c6 4. Ba4 Nf6 5. d3 Qa5+ 6. Bd2 Qxa4 7. Bc3 d4 8. exd4
exd4 9. Bd2 Bg4 10. f3 Be6 11. c3 Qxd1+ 12. Kxd1 dxc3 13. Bxc3 Be7 14. Nd2 O-O
15. Ne2 Rd8 16. Ke1 Rxd3 17. Ba5 Nbd7 18. Nf4 Rd6 19. Bb4 Rxd2 20. Bxd2 Bf5 21.
g4 Bg6 22. Rc1 Ne5 23. Nxg6 hxg6 24. Ke2 Rd8 25. Bc3 Bd6 26. g5 Nh5 27. Ba5 b6
28. Bd2 Bc5 29. Rhf1 Nd3 30. Rc2 Nhf4+ 31. Bxf4 Nxf4+ 32. Ke1 Nd5 33. Rc1 Ne3
0-1

[Event "AUTO-INT-1062"]
[Site "http://www.queenalice.com/game.php?id=474103"]
[Date "2008.10.7"]
[Round "1"]
[White "FidelPirai"]
[Black "Eunice_123"]
[Result "0-1"]
[WhiteElo "1864"]
[BlackElo "1713"]

1. e4 d6 2. d4 Nf6 3. Nc3 g6 4. Bf4 Bg7 5. Bd3 O-O 6. Qd2 Nbd7 7. f3 e5 8. dxe5
dxe5 9. Bh6 Nc5 10. Nge2 Nxd3+ 11. cxd3 Bxh6 12. Qxh6 Qxd3 13. Rd1 Qa6 14. g4
Be6 15. g5 Nh5 16. Ng3 Rfd8 17. Nxh5 Rxd1+ 18. Kxd1 Qd3+ 19. Ke1 Qe3+ 20. Kf1
Qxf3+ 21. Kg1 Qe3+ 0-1

[Event "AUTO-INT-1062"]
[Site "http://www.queenalice.com/game.php?id=474104"]
[Date "2008.10.7"]
[Round "1"]
[White "Eunice_123"]
[Black "FidelPirai"]
[Result "0-1"]
[WhiteElo "1835"]
[BlackElo "1809"]

1. e4 c6 2. d4 d5 3. e5 Bf5 4. Bd3 Bxd3 5. Qxd3 e6 6. Nf3 Nd7 7. O-O c5 8. c3
Ne7 9. Be3 cxd4 10. cxd4 Nc6 11. Nc3 Nb6 12. b3 a6 13. a3 Rc8 14. b4 Nc4 15. Nd2
Nxe3 16. fxe3 Be7 17. Rf3 O-O 18. Rh3 g6 19. Rf1 f6 20. exf6 Rxf6 21. Rxf6 Bxf6
22. Nf3 Qc7 23. e4 Nxb4 24. axb4 Qxc3 25. Qxc3 Rxc3 26. e5 Be7 27. Kf1 Bxb4 28.
Ng5 Rxh3 29. gxh3 a5 30. Nxe6 a4 0-1

[Event "AUTO-INT-1062"]
[Site "http://www.queenalice.com/game.php?id=474105"]
[Date "2008.10.7"]
[Round "1"]
[White "FidelPirai"]
[Black "vult0"]
[Result "1-0"]
[WhiteElo "1868"]
[BlackElo "1697"]

1. e4 e5 2. d4 Bd6 3. d5 Nf6 4. Bg5 h6 5. Bh4 c5 6. dxc6 dxc6 7. Nc3 Be6 8. Nf3
Qe7 9. Bxf6 gxf6 10. Bd3 Nd7 11. Qd2 O-O-O 12. O-O-O Bc5 13. h3 Nb6 14. Qe2 Nd7
15. a3 Nf8 16. Rd2 Nh7 17. Rhd1 Ng5 18. Nxg5 hxg5 19. f3 Rh4 20. Bc4 Rhh8 21.
Na4 b5 22. Bxe6+ fxe6 23. Rxd8+ Rxd8 24. Rxd8+ Kxd8 25. Qd3+ Kc7 26. Nc3 Bd4 27.
Ne2 Bb6 28. g3 Kb7 29. h4 Ba5 30. b4 Bb6 31. h5 a5 32. c3 a4 33. g4 Qh7 34. Qd6
Qf7 35. Kc2 Bc7 36. Qd1 Bb6 37. Qh1 f5 38. gxf5 exf5 39. Ng3 fxe4 40. Nxe4 Qh7
41. Kb2 Be3 42. Qd1 Qg8 43. Nd6+ Kb6 44. Nf5 Bf4 45. Qg1+ Kc7 46. Qa7+ 1-0

[Event "AUTO-INT-1062"]
[Site "http://www.queenalice.com/game.php?id=474106"]
[Date "2008.10.7"]
[Round "1"]
[White "vult0"]
[Black "FidelPirai"]
[Result "0-1"]
[WhiteElo "1697"]
[BlackElo "1848"]

1. e4 c6 2. d4 d5 3. e5 Bf5 4. Nf3 e6 5. Be2 Nd7 6. Bf4 c5 7. c4 dxc4 8. Bxc4
cxd4 9. Qxd4 Bxb1 10. Rxb1 Bb4+ 11. Nd2 Ne7 12. O-O Bxd2 13. Qxd2 O-O 14. Qe2
Ng6 15. Bg3 Qc7 16. Rbc1 Qa5 17. f4 Nb6 18. Bd3 Rac8 19. a3 Nd5 20. Be1 Qb6+ 21.
Bf2 Qd8 22. g3 Rxc1 23. Rxc1 Ndxf4 24. gxf4 Nxf4 25. Qe4 Nxd3 26. Rd1 Qg5+ 27.
Kf1 Nxf2 28. Kxf2 Rc8 29. Rg1 Qd2+ 30. Qe2 Qxe2+ 31. Kxe2 Rc2+ 32. Kd3 Rxb2 33.
Rc1 g6 34. h4 Rb3+ 35. Rc3 Rxc3+ 36. Kxc3 Kf8 37. Kd4 Ke7 38. Ke4 f5+ 39. Kf4 h6
40. a4 b6 41. Ke3 Kd7 42. Kd4 Kc6 0-1

[Event "AUTO-INT-1063"]
[Site "http://www.queenalice.com/game.php?id=474805"]
[Date "2008.10.9"]
[Round "1"]
[White "robertot"]
[Black "FidelPirai"]
[Result "1-0"]
[WhiteElo "1493"]
[BlackElo "1891"]

1. e4 c6 2. d4 d5 3. Nc3 dxe4 4. Nxe4 Bf5 5. Ng3 Bg6 6. h4 h6 7. h5 Bh7 8. Nf3
Nd7 9. Bd3 Bxd3 10. Qxd3 e6 11. Bf4 Ngf6 12. O-O-O Nd5 13. Ne2 c5 14. g4 cxd4
15. Qxd4 Nxf4 16. Nxf4 Nf6 17. Qa4+ Nd7 18. Ne5 b5 19. Qxb5 Rb8 20. Qxd7+ Qxd7
21. Nxd7 Be7 22. Nxb8 1-0

[Event "AUTO-INT-1063"]
[Site "http://www.queenalice.com/game.php?id=474806"]
[Date "2008.10.9"]
[Round "1"]
[White "FidelPirai"]
[Black "robertot"]
[Result "1-0"]
[WhiteElo "1868"]
[BlackElo "1421"]

1. e4 e5 2. d4 exd4 3. c3 dxc3 4. Bc4 d6 5. Nf3 Be6 6. Bxe6 fxe6 7. Nxc3 g6 8.
Bg5 Be7 9. h4 h6 10. Bxe7 Nxe7 11. e5 d5 12. Rc1 Nbc6 13. Nd4 Nxe5 14. Nxe6 1-0

[Event "AUTO-INT-1063"]
[Site "http://www.queenalice.com/game.php?id=474817"]
[Date "2008.10.9"]
[Round "1"]
[White "ozimandias"]
[Black "FidelPirai"]
[Result "0-1"]
[WhiteElo "1394"]
[BlackElo "1806"]

1. e4 c6 2. d4 d5 3. exd5 cxd5 4. c4 Nf6 5. Nc3 e6 6. Nf3 b6 7. cxd5 Nxd5 8.
Bb5+ Bd7 9. Ne5 Bb4 10. Bxd7+ Nxd7 11. O-O Bxc3 12. bxc3 Nxe5 13. dxe5 Nxc3 14.
Qg4 g6 15. f4 Ne4 16. f5 Qd4+ 17. Kh1 Nf2+ 18. Rxf2 Qxg4 19. Bf4 gxf5 20. h3 Qg6
21. Rd2 Rd8 22. Rd6 O-O 23. Rad1 Rxd6 24. exd6 Qh5 25. d7 Qxd1+ 26. Kh2 Qxd7 27.
g4 fxg4 28. hxg4 e5 29. Bxe5 Qxg4 30. Bd6 Qh5+ 31. Kg2 Qd5+ 32. Kf2 Qxd6 33. a4
Qd3 34. Ke1 Rc8 35. Kf2 Rc2+ 36. Kg1 Qd1# 0-1

[Event "AUTO-INT-1063"]
[Site "http://www.queenalice.com/game.php?id=474818"]
[Date "2008.10.9"]
[Round "1"]
[White "FidelPirai"]
[Black "ozimandias"]
[Result "1-0"]
[WhiteElo "1864"]
[BlackElo "1444"]

1. e4 c5 2. Nf3 d6 3. d4 cxd4 4. Nxd4 Nc6 5. Nc3 Nf6 6. Be3 e6 7. Bb5 Bd7 8. Be2
d5 9. exd5 exd5 10. Bf3 Be6 11. Nxe6 fxe6 12. O-O Bd6 13. Re1 Ne4 14. Nxe4 Qh4
15. Nxd6+ Ke7 16. Nf5+ exf5 17. Bg5+ Kd7 18. Bxh4 Rae8 19. Qxd5+ Kc7 20. Bg3+
Ne5 21. Qxb7+ Kd8 22. Rad1+ Nd7 23. Bc7# 1-0

[Event "AUTO-INT-1063"]
[Site "http://www.queenalice.com/game.php?id=474825"]
[Date "2008.10.9"]
[Round "1"]
[White "FidelPirai"]
[Black "carlitomontana93270"]
[Result "1-0"]
[WhiteElo "1846"]
[BlackElo "1533"]

1. e4 e5 2. Nf3 Nc6 3. d4 exd4 4. Nxd4 Nxd4 5. Qxd4 d6 6. Bc4 Be6 7. Bxe6 fxe6
8. Qc4 d5 9. exd5 exd5 10. Qb5+ Qd7 11. Qxb7 Rd8 12. O-O Bd6 13. Re1+ Ne7 14. g3
O-O 15. Bg5 Nf5 16. Bxd8 Qxd8 17. Qxd5+ Kh8 18. Nc3 Qf6 19. Ne4 Qe7 20. Nxd6
Qxd6 21. Qxd6 cxd6 22. c3 1-0

[Event "AUTO-INT-1063"]
[Site "http://www.queenalice.com/game.php?id=474826"]
[Date "2008.10.9"]
[Round "1"]
[White "carlitomontana93270"]
[Black "FidelPirai"]
[Result "0-1"]
[WhiteElo "1552"]
[BlackElo "1785"]

1. e4 c6 2. Nf3 d5 3. e5 Bf5 4. d4 e6 5. c4 Bb4+ 6. Bd2 Bxd2+ 7. Nbxd2 Nd7 8.
Be2 Ne7 9. O-O b6 10. b3 c5 11. cxd5 Nxd5 12. Bc4 Nb8 13. Bb5+ Nd7 14. Re1 Nc3
15. Bxd7+ Qxd7 16. Qc1 cxd4 17. Qa3 Nb5 18. Qb4 a5 19. Qc4 Rc8 20. Qe2 d3 21.
Qe3 O-O 22. Rac1 Rc2 23. a4 Nc7 24. Qxb6 Ra8 25. Nh4 Nd5 26. Qd4 Nb6 27. Qxb6
Rac8 28. Rxc2 dxc2 29. Nc4 Qd1 30. Qe3 Rd8 31. Nxf5 Qxe1+ 32. Qxe1 Rd1 0-1